000 01212nam a2200301Ia 4500
001 ebr10145574
003 CaPaEBR
006 m u
007 cr cn|||||||||
008 830309s2005 at a sb 000 0 eng d
020 _z097574755X
040 _aCaPaEBR
_cCaPaEBR
035 _a(OCoLC)67829739
050 1 4 _aHN843.5
_b.B38 2005eb
100 1 _aBaum, Scott.
245 1 0 _aFault lines exposed
_h[electronic resource] :
_badvantage and disadvantage across Australia's settlement system /
_cScott Baum, Kevin O'Connor & Robert Stimson.
260 _aClayton, Victoria :
_bMonash University ePress,
_c2005.
300 _axii, 331 p. :
_bill.
504 _aIncludes bibliographical references.
533 _aElectronic reproduction.
_bPalo Alto, Calif. :
_cebrary,
_d2009.
_nAvailable via World Wide Web.
_nAccess may be limited to ebrary affiliated libraries.
650 0 _aSocial policy.
651 0 _aAustralia
_xSocial policy.
655 7 _aElectronic books.
_2local
700 1 _aO'Connor, Kevin.
700 1 _aStimson, Robert.
710 2 _aebrary, Inc.
856 4 0 _uhttp://site.ebrary.com/lib/rucke/Doc?id=10145574
_zAn electronic book accessible through the World Wide Web; click to view
999 _c92481
_d92481